[Event "Saint Quentin op 5th"]
[Site "Saint Quentin"]
[Date "2002.??.??"]
[Round "7"]
[White "Evtouchenko Boulongne, Nina"]
[Black "Plantet, Marc"]
[Result "0-1"]
[WhiteElo "1700"]
[BlackElo "1920"]
[PlyCount "40"]
[EventDate "2002.04.21"]
[EventType "swiss"]
[EventRounds "9"]
[EventCountry "FRA"]
[SourceTitle "CBM 088 Extra"]
[Source "ChessBase"]
[SourceDate "2002.07.01"]
[SourceVersion "2"]
[SourceVersionDate "2002.07.01"]
[SourceQuality "1"]

1. e4 c6 2. d4 d5 3. Nc3 dxe4 4. Nxe4 Bf5 5. Ng3 Bg6 6. Nf3 Nf6 7. Bd3 e6 8. 0-0 Bd6 9. Bg5 Nbd7 10. c3 Qb6 11. b3 0-0-0 12. c4 Qa5 13. c5 Nxc5 14. Bxg6 Bxg3 15. fxg3 hxg6 16. Bd2 Qb6 17. dxc5 Qxc5+ 18. Kh1 Ne4 19. Qe1 Nxd2 20. Nxd2 Rxh2+ 0-1

[Event "Saint Quentin op 5th"]
[Site "Saint Quentin"]
[Date "2002.??.??"]
[Round "1"]
[White "Giroux, Fabrice"]
[Black "Evtouchenko Boulongne, Nina"]
[Result "1-0"]
[WhiteElo "2207"]
[BlackElo "1700"]
[PlyCount "93"]
[EventDate "2002.04.21"]
[EventType "swiss"]
[EventRounds "9"]
[EventCountry "FRA"]
[SourceTitle "CBM 088 Extra"]
[Source "ChessBase"]
[SourceDate "2002.07.01"]
[SourceVersion "2"]
[SourceVersionDate "2002.07.01"]
[SourceQuality "1"]

1. Nc3 e5 2. Nf3 Nc6 3. d4 exd4 4. Nxd4 d5 5. Bf4 Bb4 6. Nxc6 bxc6 7. Qd4 Bf8 8. e4 Nf6 9. exd5 Bb7 10. 0-0-0 cxd5 11. Qe5+ Be7 12. Qxc7 Qxc7 13. Bxc7 0-0 14. Be5 Ng4 15. Bd4 Bg5+ 16. Kb1 f5 17. h3 Nf6 18. h4 Bh6 19. f3 Nh5 20. Bb5 a6 21. Ba4 f4 22. Rhe1 Ng3 23. Re7 Rf7 24. Rxb7 Rxb7 25. Bc6 Rab8 26. Bxd5+ Rf7 27. Ne4 Nf5 28. Ng5 Bxg5 29. hxg5 Rd8 30. Bb6 Rxd5 31. Rxd5 Nh4 32. Rd2 Re7 33. c4 Kf7 34. Kc2 Re5 35. c5 Rxg5 36. c6 Rg6 37. c7 Rc6+ 38. Kb1 Nf5 39. a4 Ke6 40. a5 Nd6 41. Rd1 g5 42. Rh1 Kd7 43. Rxh7+ Kc8 44. Rg7 Kb7 45. Rxg5 Nc8 46. Rg8 Ne7 47. Rb8# 1-0

[Event "Saint Quentin op 5th"]
[Site "Saint Quentin"]
[Date "2002.??.??"]
[Round "8"]
[White "Zecevic, Milan"]
[Black "Evtouchenko Boulongne, Nina"]
[Result "1-0"]
[WhiteElo "2055"]
[BlackElo "1700"]
[PlyCount "73"]
[EventDate "2002.04.21"]
[EventType "swiss"]
[EventRounds "9"]
[EventCountry "FRA"]
[SourceTitle "CBM 088 Extra"]
[Source "ChessBase"]
[SourceDate "2002.07.01"]
[SourceVersion "2"]
[SourceVersionDate "2002.07.01"]
[SourceQuality "1"]

1. e4 c5 2. d4 cxd4 3. c3 dxc3 4. Nxc3 d6 5. Nf3 Nc6 6. Bc4 e6 7. 0-0 Nf6 8. Qe2 Be7 9. Rd1 e5 10. h3 0-0 11. Be3 a6 12. Rd2 b5 13. Bb3 Bb7 14. Nd5 Nxd5 15. Bxd5 Na5 16. Bxb7 Nxb7 17. Nxe5 Rc8 18. Nf3 Re8 19. Rad1 Bf6 20. e5 Bxe5 21. Nxe5 Rxe5 22. Qf3 Qe7 23. b4 h6 24. Bxh6 Rc4 25. Bf4 Ree4 26. Bxd6 Re1+ 27. Kh2 Nxd6 28. Rxd6 Rxd1 29. Qxd1 g6 30. a3 Qc7 31. g3 a5 32. Rd8+ Kg7 33. Qa1+ f6 34. Qd1 Kh6 35. Qd2+ g5 36. Qd3 Rc3 37. Rh8+ 1-0

[Event "FRA-chT 9900"]
[Site "France"]
[Date "2000.05.01"]
[Round "11.8"]
[White "Evtouchenko Boulongne, Nina"]
[Black "Barakoff, Annie"]
[Result "1-0"]
[WhiteElo "2000"]
[BlackElo "1670"]
[PlyCount "86"]
[EventDate "1999.02.04"]
[EventType "team"]
[EventRounds "11"]
[EventCountry "FRA"]
[SourceTitle "EXT 2001"]
[Source "ChessBase"]
[SourceDate "2000.11.22"]
[SourceVersion "1"]
[SourceVersionDate "2000.11.22"]
[SourceQuality "1"]

1. e4 c6 2. d4 d5 3. Nc3 dxe4 4. Nxe4 Bf5 5. Ng3 Bg6 6. Nf3 h6 7. Be2 Nf6 8. 0-0 e6 9. Ne5 Bh7 10. f4 Be7 11. c3 0-0 12. f5 exf5 13. Nxf5 Nbd7 14. Nxd7 Qxd7 15. Bd3 Rad8 16. Qf3 Bxf5 17. Bxf5 Qd5 18. Qh3 c5 19. Be3 cxd4 20. Bxd4 Bc5 21. Bxc5 Qxc5+ 22. Kh1 Rd2 23. b4 Qd5 24. a4 Rd8 25. Kg1 b6 26. Rae1 Qa2 27. Ra1 Qd5 28. a5 Qc6 29. axb6 Qxb6+ 30. Kh1 Qc7 31. Rac1 Qd6 32. Bc2 Qb6 33. Qf3 a5 34. bxa5 Qxa5 35. c4 Kh8 36. h3 Qg5 37. Bb1 Nh5 38. g4 Qe5 39. Rf2 Rxf2 40. Qxf2 Nf4 41. Qh2 Qe3 42. Qc2 Qxh3+ 43. Qh2 Qf3+ 1-0

[Event "FRA-chT 9900"]
[Site "France"]
[Date "2000.04.30"]
[Round "10.8"]
[White "Courrier, Arnaud"]
[Black "Evtouchenko Boulongne, Nina"]
[Result "1-0"]
[WhiteElo "2156"]
[BlackElo "2000"]
[PlyCount "77"]
[EventDate "1999.02.04"]
[EventType "team"]
[EventRounds "11"]
[EventCountry "FRA"]
[SourceTitle "EXT 2001"]
[Source "ChessBase"]
[SourceDate "2000.11.22"]
[SourceVersion "1"]
[SourceVersionDate "2000.11.22"]
[SourceQuality "1"]

1. f4 d5 2. Nf3 Nf6 3. g3 e6 4. Bg2 Bc5 5. d4 Bb6 6. 0-0 Nbd7 7. Ne5 0-0 8. e3 c5 9. c3 Ne8 10. Nd2 f6 11. Nxd7 Bxd7 12. Nf3 Nd6 13. Nh4 Ne4 14. f5 Bb5 15. Re1 e5 16. Bxe4 dxe4 17. Qb3+ Rf7 18. Qxb5 exd4 19. exd4 cxd4 20. cxd4 Bxd4+ 21. Be3 Rc8 22. Qb3 Rcc7 23. Rad1 Bxe3+ 24. Rxe3 Qe8 25. Rde1 Rce7 26. Ng6 hxg6 27. fxg6 f5 28. gxf7+ Rxf7 29. Rd1 Kh7 30. Qd5 Qe7 31. h4 Rf8 32. Qd6 Qf7 33. Rc1 Rg8 34. b3 Qe8 35. Rc5 Rf8 36. Rc7 Qb8 37. h5 Kh8 38. h6 Rg8 39. hxg7+ 1-0